The blind watchmaker: why the evidence of evolution reveals a universe without design
Kaydedildi:
| Yazar: | |
|---|---|
| Materyal Türü: | Kitap |
| Dil: | İngilizce |
| Baskı/Yayın Bilgisi: |
Nueva York
W.W. Norton and Company
1996
|
| Seri Bilgileri: | Science
|
| Konular: | |
| Etiketler: |
Etiketle
Etiket eklenmemiş, İlk siz ekleyin!
|
MARC
| LEADER | 00000nam a2200000 a 4500 | ||
|---|---|---|---|
| 001 | UCG4381 | ||
| 003 | CL-VaPUC | ||
| 008 | 101028e19960000US |||||||||||||||||eng|d | ||
| 020 | |a 9780393315707 | ||
| 082 | 0 | 4 | |a 575.19 |b DAW |2 21 |
| 100 | 0 | |a Dawkins, Richard |e author |9 553704 | |
| 245 | 1 | 4 | |a The blind watchmaker: why the evidence of evolution reveals a universe without design |
| 300 | |a 468 p | ||
| 942 | |c BK | ||
| 945 | |d 20101028 00:00:00 |a mfarfan | ||
| 260 | |a Nueva York |b W.W. Norton and Company |c 1996 | ||
| 650 | 7 | |a SELECCION NATURAL |2 CL-VaPUC |9 261742 | |
| 650 | 0 | |a Evolución |9 259442 | |
| 583 | |a last modification |c 20101028 00:00:00 |k Rodrigo Vera | ||
| 490 | 0 | |a Science | |
| 999 | |c 343141 |d 343139 | ||
| 952 | |0 0 |1 0 |4 0 |6 575_190000000000000_DAW_1996 |7 0 |8 A |9 440175 |a BIBCUR |b BIBCUR |d 2019-11-22 |i 4729722 |l 2 |o 575.19 DAW 1996 |p 4729722 |r 2025-04-22 |s 2021-07-13 |w 2019-11-22 |y BK |k FIS | ||